000 00340nam a2200157Ia 4500
003 0STCL
008 150530s9999 xx 000 0 und d
040 _aSTCL
_cSTCL
100 _aWain, R.L.
245 _aPlant growth substances
260 _c1952
546 _aEnglish
942 _2ddc
_cBK
999 _c34713
_d34713
005 20220125170334.0